| 000 | 01529cam a22004574i 4500 | ||
|---|---|---|---|
| 003 | PE-LiUPU | ||
| 005 | 20250731173513.0 | ||
| 008 | 150616s r 000 0 d | ||
| 035 | _a(Sirsi) a7739 | ||
| 040 |
_aPE-LiUPU _bspa _cPE-LiUPU _erda |
||
| 049 | _aPRUA | ||
| 082 | 0 | 4 |
_a225.6602 _bB16 _221 |
| 100 | 1 |
_aBailey, James L., _eautor. |
|
| 245 | 1 | 0 |
_aLiterary Forms in the New Testament: A Handbook / _cJames L. Bailey. |
| 264 | 1 |
_aWestminster : _bJohn Knox Press, _c1992. |
|
| 300 |
_a219 páginas ; _c22 cm. |
||
| 336 |
_atext _2rdacontent |
||
| 337 |
_aunmediated _2rdamedia |
||
| 338 |
_avolume _2rdacarrier |
||
| 505 | 0 | _aThe pauline tradition.- The gospels and acts.- Other new testament writings. | |
| 526 | _aSEG42 | ||
| 526 | _aSEG41 | ||
| 526 | _aSEG40 | ||
| 526 | _aSEG39 | ||
| 526 | _aP94 | ||
| 526 | _aP87 | ||
| 526 | _aP86 | ||
| 526 | _aP85 | ||
| 526 | _aP77 | ||
| 526 | _aP76 | ||
| 526 | _aP35 | ||
| 630 |
_aBiblia. _pN.T. _xLenguaje y estilo _vManuales. |
||
| 700 | 1 | _aVander Broek, Lyle D. | |
| 910 |
_ajck _bjvq _cjck |
||
| 942 |
_2ddc _cBOOK |
||
| 949 |
_a225.6602 B16 _wDEWEY _c1 _i41350 _lCCODEBUL1 _mBUL _p00.00 _r0 _sY _tBOOK _u19960603 _xTEOLOGIA _zUNKNOWN _0COMPRA _o.STAFF. Colección General |
||
| 994 |
_aC0 _bPEPRU |
||
| 596 | _a1 | ||
| 999 |
_a225.6602 B16 _wDEWEY _c59015 _i41350 _f2021-11-9 _g5 _lCCODEBUL1 _mBUL _r0 _sY _tBOOK _u2015-6-16 _xTEOLOGIA _zUNKNOWN _0COMPRA _o.STAFF. Colección General _d59015 |
||
| 980 |
_81 _gALBERTO SANCHEZ Responsable de Automatización |
||